MyGZULibrary

Mosby's dictionary of medicine, nursing & health professions. (Record no. 11016)

MARC details
000 -LEADER
fixed length control field 02305cam a22005051i 4500
001 - CONTROL NUMBER
control field 19249980
003 - CONTROL NUMBER IDENTIFIER
control field GZU
005 - DATE AND TIME OF LATEST TRANSACTION
control field 20231107143104.0
008 - FIXED-LENGTH DATA ELEMENTS--GENERAL INFORMATION
fixed length control field 160826s2017 moua bd 000 0 eng
010 ## - LIBRARY OF CONGRESS CONTROL NUMBER
LC control number 2016296818
016 7# - NATIONAL BIBLIOGRAPHIC AGENCY CONTROL NUMBER
Record control number 101686304
Source DNLM
020 ## - INTERNATIONAL STANDARD BOOK NUMBER
International Standard Book Number 9780323222051
Qualifying information (hardcover)
022 ## - INTERNATIONAL STANDARD SERIAL NUMBER
International Standard Serial Number N/A
035 ## - SYSTEM CONTROL NUMBER
System control number (OCoLC)ocn925499420
040 ## - CATALOGING SOURCE
Original cataloging agency NLM
Language of cataloging eng
Transcribing agency NLM
Description conventions rda
Modifying agency YDXCP
-- BTCTA
-- SGG
-- BKL
-- OCLCF
-- NEH
-- OCLCO
-- DLC
042 ## - AUTHENTICATION CODE
Authentication code nlmcopyc
-- lccopycat
050 00 - LIBRARY OF CONGRESS CALL NUMBER
Classification number R121
Item number MOS 2017
060 00 - NATIONAL LIBRARY OF MEDICINE CALL NUMBER
Classification number W 13
Item number MOS 2017
082 00 - DEWEY DECIMAL CLASSIFICATION NUMBER
Classification number 610.3
Edition number 23
245 00 - TITLE STATEMENT
Title Mosby's dictionary of medicine, nursing & health professions.
246 30 - VARYING FORM OF TITLE
Title proper/short title Dictionary of medicine, nursing & health professions
246 3# - VARYING FORM OF TITLE
Title proper/short title Mosby's dictionary of medicine, nursing and health professions
250 ## - EDITION STATEMENT
Edition statement Tenth edition.
264 #1 - PRODUCTION, PUBLICATION, DISTRIBUTION, MANUFACTURE, AND COPYRIGHT NOTICE
Place of production, publication, distribution, manufacture St. Louis, Missouri :
Name of producer, publisher, distributor, manufacturer Elsevier,
Date of production, publication, distribution, manufacture, or copyright notice [2017]
300 ## - PHYSICAL DESCRIPTION
Extent xiv, A-43, 2005 pages :
Other physical details illustrations (chiefly color) ;
Dimensions 26 cm
336 ## - CONTENT TYPE
Content type term text
Content type code txt
Source rdacontent
337 ## - MEDIA TYPE
Media type term unmediated
Media type code n
Source rdamedia
338 ## - CARRIER TYPE
Carrier type term volume
Carrier type code nc
Source rdacarrier
504 ## - BIBLIOGRAPHY, ETC. NOTE
Bibliography, etc. note Includes bibliographical references.
505 ## - FORMATTED CONTENTS NOTE
Formatted contents note <br/>Color atlas of human anatomy<br/>Skeletal system<br/>Muscular system<br/>Circulatory system<br/>Endocrine system<br/>Lymphatic system<br/>Nervous system<br/>Respiratory system<br/>Digestive system<br/>Reproductive system<br/>Urinary system<br/>Special senses<br/>Vocabulary
520 ## - SUMMARY, ETC.
Summary, etc. "Regarded as one of the most respected and widely used health professions references, this all-inclusive dictionary helps you make sense of the complex world of health care. It includes detailed entries that give you the knowledge needed to communicate effectively with colleagues in various disciplines and is an indispensable guide to use throughout your career"--Page 4 of cover.
650 #0 - SUBJECT ADDED ENTRY--TOPICAL TERM
Topical term or geographic name entry element Medicine
Form subdivision Dictionaries.
650 #0 - SUBJECT ADDED ENTRY--TOPICAL TERM
Topical term or geographic name entry element Nursing
Form subdivision Dictionaries.
650 12 - SUBJECT ADDED ENTRY--TOPICAL TERM
Topical term or geographic name entry element Medicine
650 22 - SUBJECT ADDED ENTRY--TOPICAL TERM
Topical term or geographic name entry element Nursing
650 22 - SUBJECT ADDED ENTRY--TOPICAL TERM
Topical term or geographic name entry element Allied Health Occupations
650 #7 - SUBJECT ADDED ENTRY--TOPICAL TERM
Topical term or geographic name entry element Medicine.
Source of heading or term fast
Authority record control number or standard number (OCoLC)fst01014893
650 #7 - SUBJECT ADDED ENTRY--TOPICAL TERM
Topical term or geographic name entry element Nursing.
Source of heading or term fast
Authority record control number or standard number (OCoLC)fst01041731
655 #2 - INDEX TERM--GENRE/FORM
Genre/form data or focus term Dictionary
655 #7 - INDEX TERM--GENRE/FORM
Genre/form data or focus term Dictionaries.
Source of term fast
Authority record control number or standard number (OCoLC)fst01423826
710 2# - ADDED ENTRY--CORPORATE NAME
Corporate name or jurisdiction name as entry element Mosby, Inc.,
Relator term issuing body.
906 ## - LOCAL DATA ELEMENT F, LDF (RLIN)
a 7
b cbc
c copycat
d 2
e ncip
f 20
g y-gencatlg
942 ## - ADDED ENTRY ELEMENTS (KOHA)
Source of classification or shelving scheme Library of Congress Classification
Koha item type Reference
Edition 10th
Classification part 121
Item part MOS
Call number prefix R
Holdings
Withdrawn status Lost status Source of classification or shelving scheme Damaged status Not for loan Collection code Home library Current library Shelving location Date acquired Source of acquisition Total Checkouts Full call number Barcode Date last seen Copy number Price effective from Koha item type
    Library of Congress Classification     Non-fiction Medical Library City Campus Library General Stacks 11/07/2023 Donation   R121 MOS 217 032950 11/07/2023 c.1 11/07/2023 Reference